00686nam a2200181 a 4500003000200000005001700002008004100019050003100060100003500091245009000126260009300216300004800309504004100357650002900398650002900427650003000456650001800486020250225141848.0100827s19uu xx 00 eng d aPGS LB 1073.5b.So689 2010 aSolomon, Elmyra Harrietta Ong. aSense of academic responsibility of students in SISC /cElmyra Harrietta Ong Solomon. aLas Piñas City, Philippines : bSouthville International School and Colleges, c2010. a29 pages :bcolored illustrations ;c28 cm. aIncludes bibliographical references. aAcademic responsibility. aStudent responsibility.  aMotivation in education.  aStudy skills.